LEADER 01134nam a2200253 i 4500 001 000000233187 003 CaOOAMICUS 005 20140917000000.0 008 140917s1878 it u000 u ita u 013 $a212090 040 $aSeMil$bita 100 1 $aLockyer, Joseph Norman.$0(OLS)http://semarc/name/80003 245 10$aAstronomia /$cdi J. Norman Lockyer ; tradotta e in parte rifatta da E. Sergent ; e riveduta da G. V. Schiaparelli. 260 $aMilano :$bUlrico Hoepli,$c1878. 300 $aV, 156 p., [2] c. di tav. :$bill. ;$c16 cm. 490 0 $aManuali Hoepli ;$v5 650 4$aAstronomia - Opere anteriori al 1900.$0(OLS)http://semarc/subject/26173 700 1 $aSchiaparelli, Giovanni Virginio,$d<1835-1910>.$0(OLS)http://semarc/name/80005 700 1 $aSergent, Ernesto.$0(OLS)http://semarc/name/80004 830 0$aManuali Hoepli ;$v5.$0(OLS)http://semarc/title/7639 850 $aSeMil 852 $aSeMil$W1$xVenegono$y1$m2ZA I 1 FA$j183533$B183533$CSeMilBibl$Z2$F194313 $8I 996 $6245$aAstronomia$9(OLS)http://semarc/title/332765 996 $6260$aMilano :$bUlrico Hoepli$9(OLS)http://semarc/publisher/29765 LEADER 00951nam a2200217 i 4500 001 000000179637 003 CaOOAMICUS 005 20250901165106.0 008 090519s1977 xxk u000 u mul u 040 $aSeMil$bita 245 10$a3: Books 6.-8. (1.-21.) /$cwith an english translation by W. H. S. Jones. 300 $a441 p. 490 1 $aThe Loeb Classical Library ;$v272 700 1 $aJones, William Henry Samuel,$d<1876-1963>.$0(OLS)http://semarc/name/72589 773 0 $aPausanias $tDescription of Greece.$dCambridge, Massachusetts : Harvard University Press ; London : Heinemann, 1977-1980.$g3$w()21315 830 4$aThe Loeb Classical Library ;$v272.$0(OLS)http://semarc/title/26868 850 $aSeMil 852 $aSeMil$W1$xVenegono$y1$m1Y II 54/3$j261196$B130399$CSeMilBibl$Z2$F141851 $81 961 $aOmaggio: Villa don Cesare 996 $6245$a3: Books 6.-8. (1.-21.)$9(OLS)http://semarc/title/257927 LEADER 01857nam a2200253 i 4500 001 000000053474 003 CaOOAMICUS 005 20210524095741.0 008 130724s1661 xx u000 u lat u 013 $a24646 026 $at.s- e.a- e.m- exqu (3) 1661 (R) 040 $aSeMil$bita 110 2 $aChiesa Cattolica : Tribunale della Rota Romana.$0(OLS)http://semarc/name/1879 245 10$aSacrae Rotae Romanae Decisionum recentiorum partis nonae volumen secundum. Maxime ab anno 1644. vsque ad totum annum 1646. ... A Paulo Rubeo i.c. Romano, et in Romana Curia aduocato selectarum, et nullibi impressarum. Cum argumentis, summarijs, .. 300 $a[72], 810, [2] p. 500 $aSegn. : a-f6 A-3X6 3Y4. - In fine regesto dei v. 9.1 e 9.2. - Front. stampato in rosso e nero con stemma di papa Alessandro VII. 650 4$aTribunali ecclesiastici.$0(OLS)http://semarc/subject/818 700 1 $aRossi, Paolo,$d.$0(OLS)http://semarc/name/6508 710 2 $aStamperia Camerale$b.$0(OLS)http://semarc/name/4421 773 0 $aChiesa Cattolica : Tribunale della Rota Romana$tSacrae Rotae Romanae Decisionum recentiorum pars tertia [-partis 19. tomus 2.] olim a Prospero Farinaccio ... posthumum aeditarum. Nunc vero ... a Paulo Rubeo factarum ... Index materiarum ex duplici unicus est confectus, et longe copiosior ..$dRomae : Ex Typographia Reuerendae Camerae Apostolicae, 1640-1703.$g9$w()13669 850 $aSeMil 852 $aSeMil$W1$xVenegono$y1$m2H VI 10 FA$j19628$B19628$CSeMilBibl$Z2$F19630 $8I 996 $6245$aSacrae Rotae Romanae Decisionum recentiorum partis nonae volumen secundum. Maxime ab anno 1644. vsque ad totum annum 1646. ... A Paulo Rubeo i.c. Romano, et in Romana Curia aduocato selectarum, et nullibi impressarum. Cum argumentis, summarijs, ..$9(OLS)http://semarc/title/82384